000
00263nam a2200109Ia 4500
008
240625s9999 xx 000 0 und d
041
_a
eng
082
_a
658.45 KAL
100
_a
KALIA SHALINI
245
_a
BUSINESS COMMUNICATION A PRACTICE ORIENT
260
_c
2015
999
_c
39860
_d
39860